Russisch-Deutsch Worterbuch

Detalhes bibliográficos
Autor principal: Daum E. Edmund
Outros Autores: Schenk W. Werner
Idioma:russo
alemão
Publicado em: Leipzig, Veb Verlag Enzyklopadie, 1990
Assuntos:
Formato: Livro
KOHA link:https://koha.lib.tpu.ru/cgi-bin/koha/opac-detail.pl?biblionumber=62955

MARC

LEADER 00000nam0a2200000 4500
001 62955
005 20231031063953.0
010 |a 3324000904 
035 |a (RuTPU)RU\TPU\book\66776 
035 |a RU\TPU\book\43201 
090 |a 62955 
100 |a 20040423d1990 m y0rusy50 ca 
101 0 |a rus  |a ger 
102 |a DE 
105 |a y e 000zy 
200 1 |a Russisch-Deutsch Worterbuch  |f E. Daum, W. Schenk 
210 |a Leipzig  |c Veb Verlag Enzyklopadie  |d 1990 
215 |a 960 с. 
610 1 |a русский язык 
610 1 |a русско-немецкие словари 
686 |a Ш143.24-4  |v LBC/SL-A  |2 rubbk 
700 1 |a Daum  |b E.  |g Edmund 
701 1 |a Schenk  |b W.  |g Werner 
801 1 |a RU  |b 63413507  |c 20020725  |g PSBO 
801 2 |a RU  |b 63413507  |c 20040423  |g PSBO 
942 |c BK